[Event "Madrid-chT 2021"]
[Site "Madrid"]
[Date "2021.05.23"]
[Round "12.2"]
[White "Martin Garcia, Guillermo Li"]
[Black "Bolado Saez, Sergio"]
[Result "1-0"]
[WhiteElo "2240"]
[BlackElo "2355"]
[PlyCount "81"]
[EventDate "2021.01.23"]
[EventType "team-tourn"]
[EventRounds "14"]
[EventCountry "ESP"]
[SourceTitle "EXT 2022"]
[Source "ChessBase"]
[SourceDate "2021.10.06"]
[SourceVersion "1"]
[SourceVersionDate "2021.10.06"]
[SourceQuality "1"]
[WhiteTeam "Vallecas CDV"]
[BlackTeam "Capablanca"]
[WhiteTeamCountry "ESP"]
[BlackTeamCountry "ESP"]

1. e4 c5 2. Nf3 d6 3. c3 Nf6 4. h3 g6 5. Bd3 Bg7 6. Bc2 e5 7. 0-0 0-0 8. d4 exd4 9. cxd4 Nc6 10. Re1 Re8 11. d5 Nb4 12. Nc3 Nxc2 13. Qxc2 a6 14. a4 Nh5 15. Bg5 Bf6 16. Be3 Rb8 17. a5 b5 18. axb6 Rxb6 19. Nd2 Rb4 20. Ra4 Qc7 21. Rc1 Qb8 22. Rxb4 cxb4 23. Na4 Bd7 24. Nb6 Bb5 25. b3 Bd8 26. Ndc4 Be7 27. Qa2 Rc8 28. Qa5 Bxc4 29. Rxc4 Rxc4 30. Nxc4 Nf6 31. f3 Qb7 32. Nxd6 Qb8 33. Nc4 Qg3 34. Bf2 Qf4 35. d6 Bxd6 36. e5 Nh5 37. exd6 Qc1+ 38. Kh2 Qf4+ 39. g3 Qxf3 40. Qc5 Nf6 41. Ne5 1-0

[Event "Madrid-chT 2021"]
[Site "Madrid"]
[Date "2021.04.17"]
[Round "8.2"]
[White "Taboas Rodriguez, Daniel"]
[Black "Bolado Saez, Sergio"]
[Result "1/2-1/2"]
[WhiteElo "2364"]
[BlackElo "2355"]
[PlyCount "32"]
[EventDate "2021.01.23"]
[EventType "team-tourn"]
[EventRounds "14"]
[EventCountry "ESP"]
[SourceTitle "EXT 2022"]
[Source "ChessBase"]
[SourceDate "2021.10.06"]
[SourceVersion "1"]
[SourceVersionDate "2021.10.06"]
[SourceQuality "1"]
[WhiteTeam "Blanco y Negro"]
[BlackTeam "Capablanca"]
[WhiteTeamCountry "ESP"]
[BlackTeamCountry "ESP"]

1. d4 d5 2. Nf3 e6 3. c4 c6 4. Bg5 Nf6 5. e3 Nbd7 6. Nc3 h6 7. Bh4 g5 8. Bg3 Nh5 9. Be5 Ng7 10. Bd3 g4 11. Nd2 Nxe5 12. dxe5 Qg5 13. 0-0 Qxe5 14. Qxg4 Bd6 15. Nf3 Qf6 16. Qh4 Qxh4 1/2-1/2

[Event "Madrid-chT 2021"]
[Site "Madrid"]
[Date "2021.03.21"]
[Round "5.2"]
[White "Bolado Saez, Sergio"]
[Black "Martin Garcia, Guillermo Li"]
[Result "0-1"]
[WhiteElo "2355"]
[BlackElo "2240"]
[PlyCount "42"]
[EventDate "2021.01.23"]
[EventType "team-tourn"]
[EventRounds "14"]
[EventCountry "ESP"]
[SourceTitle "EXT 2022"]
[Source "ChessBase"]
[SourceDate "2021.10.06"]
[SourceVersion "1"]
[SourceVersionDate "2021.10.06"]
[SourceQuality "1"]
[WhiteTeam "Capablanca"]
[BlackTeam "Vallecas CDV"]
[WhiteTeamCountry "ESP"]
[BlackTeamCountry "ESP"]

1. d4 Nf6 2. Bf4 g6 3. Nc3 d5 4. Qd2 Bg7 5. f3 c5 6. Nb5 Na6 7. dxc5 Nh5 8. Be3 Bxb2 9. Rd1 Bg7 10. c4 d4 11. g4 Nf6 12. Bxd4 0-0 13. h4 h5 14. Qc3 hxg4 15. h5 gxh5 16. Qc2 e5 17. Bxe5 Qe7 18. Bxf6 Qxf6 19. Rd5 Nb4 20. Qe4 Nxd5 21. Rxh5 Qa1+ 0-1

[Event "Madrid-chT 1819"]
[Site "Madrid"]
[Date "2019.03.17"]
[Round "14.1"]
[White "Vallejo Diaz, Javier"]
[Black "Bolado Saez, Sergio"]
[Result "1/2-1/2"]
[WhiteElo "2382"]
[BlackElo "2360"]
[PlyCount "40"]
[EventDate "2018.11.17"]
[EventType "team-tourn"]
[EventRounds "14"]
[EventCountry "ESP"]
[SourceTitle "CBM 189 Extra"]
[Source "ChessBase"]
[SourceDate "2019.06.03"]
[SourceVersion "1"]
[SourceVersionDate "2019.06.03"]
[SourceQuality "1"]
[WhiteTeam "Alcorcon"]
[BlackTeam "Blanco y Negro"]
[WhiteTeamCountry "ESP"]
[BlackTeamCountry "ESP"]

1. e4 c5 2. Nf3 d6 3. Bb5+ Nd7 4. d4 cxd4 5. Qxd4 e5 6. Qd3 a6 7. Bxd7+ Bxd7 8. c4 b5 9. Nc3 Rb8 10. 0-0 h6 11. a4 bxc4 12. Qxc4 Qc8 13. Qxc8+ Bxc8 14. Rb1 Nf6 15. b4 Be7 16. b5 axb5 17. Ba3 Rb7 18. Rxb5 Rxb5 19. axb5 Bb7 20. Rd1 Nxe4 1/2-1/2

[Event "Madrid-chT 1819"]
[Site "Madrid"]
[Date "2019.01.27"]
[Round "7.1"]
[White "Bolado Saez, Sergio"]
[Black "Vallejo Diaz, Javier"]
[Result "1-0"]
[WhiteElo "2360"]
[BlackElo "2382"]
[PlyCount "61"]
[EventDate "2018.11.17"]
[EventType "team-tourn"]
[EventRounds "14"]
[EventCountry "ESP"]
[SourceTitle "CBM 189 Extra"]
[Source "ChessBase"]
[SourceDate "2019.06.03"]
[SourceVersion "1"]
[SourceVersionDate "2019.06.03"]
[SourceQuality "1"]
[WhiteTeam "Blanco y Negro"]
[BlackTeam "Alcorcon"]
[WhiteTeamCountry "ESP"]
[BlackTeamCountry "ESP"]

1. d4 Nf6 2. c4 e6 3. Nf3 c5 4. d5 exd5 5. cxd5 g6 6. Nc3 d6 7. h3 Bg7 8. e4 0-0 9. Bd3 a6 10. a4 Nbd7 11. 0-0 b6 12. Bf4 Qe7 13. Nd2 Nh5 14. Bh2 Rb8 15. Be2 Nhf6 16. f4 Ne8 17. Re1 Nc7 18. e5 dxe5 19. Nc4 Qd8 20. fxe5 b5 21. axb5 axb5 22. Na5 Nxe5 23. Bf1 Qg5 24. Ne4 Qf5 25. Bxe5 Bxe5 26. Nc6 Bd4+ 27. Kh1 Nxd5 28. Nxb8 Bb7 29. Bd3 Ne3 30. Rxe3 Bxe3 31. Nd7 1-0

[Event "Madrid-chT 1819"]
[Site "Madrid"]
[Date "2018.11.25"]
[Round "2.1"]
[White "Bolado Saez, Sergio"]
[Black "Vazquez Igarza, Renier"]
[Result "0-1"]
[WhiteElo "2360"]
[BlackElo "2572"]
[PlyCount "116"]
[EventDate "2018.11.17"]
[EventType "team-tourn"]
[EventRounds "14"]
[EventCountry "ESP"]
[SourceTitle "CBM 189 Extra"]
[Source "ChessBase"]
[SourceDate "2019.06.03"]
[SourceVersion "1"]
[SourceVersionDate "2019.06.03"]
[SourceQuality "1"]
[WhiteTeam "Blanco y Negro"]
[BlackTeam "Collado Villalba"]
[WhiteTeamCountry "ESP"]
[BlackTeamCountry "ESP"]

1. d4 Nf6 2. c4 g6 3. Nf3 Bg7 4. Bf4 c5 5. d5 b5 6. Nbd2 d6 7. Qc2 Nh5 8. Bg5 h6 9. Bh4 g5 10. Bg3 bxc4 11. e4 0-0 12. Nxc4 Na6 13. a3 f5 14. exf5 Bxf5 15. Bd3 Qd7 16. Rd1 Nc7 17. Ne3 Bxd3 18. Rxd3 Rab8 19. b3 Nb5 20. Nc4 Qf5 21. 0-0 Nxg3 22. hxg3 Nd4 23. Nxd4 Bxd4 24. Na5 Qxd5 25. Kh1 Rbc8 26. Nc4 Qe4 27. Nd2 Qf5 28. Nf3 Bg7 29. Qe2 Rce8 30. Rfd1 Kh8 31. Rd5 Qf7 32. g4 Rb8 33. Qe3 Bf6 34. R5d3 Kg7 35. g3 Rb6 36. Kg2 Rfb8 37. Nd2 Bd4 38. Qe2 Qd5+ 39. Rf3 R6b7 40. Kh2 Qe5 41. Qf1 e6 42. Qa6 Qd5 43. Qe2 Rf8 44. Rxf8 Kxf8 45. Rf1 Rf7 46. f3 Kg7 47. Nc4 e5 48. Qd3 Qe6 49. Nd2 d5 50. Kg2 Qg6 51. Qe2 Qc2 52. Kh3 a5 53. a4 Qc3 54. Re1 Qc2 55. Qg2 Qd3 56. Re2 Qg6 57. f4 e4 58. f5 Rxf5 0-1

[Event "Madrid-chT 1718"]
[Site "Madrid"]
[Date "2018.03.03"]
[Round "12.22"]
[White "Quispe Arteaga, Gabriel"]
[Black "Bolado Saez, Sergio"]
[Result "1/2-1/2"]
[WhiteElo "2287"]
[BlackElo "2367"]
[PlyCount "57"]
[EventDate "2017.11.19"]
[EventType "team-tourn"]
[EventRounds "14"]
[EventCountry "ESP"]
[SourceTitle "EXT 2019"]
[Source "ChessBase"]
[SourceDate "2018.10.10"]
[SourceVersion "1"]
[SourceVersionDate "2018.10.10"]
[SourceQuality "1"]
[WhiteTeam "Villaverde"]
[BlackTeam "Blanco y Negro"]
[WhiteTeamCountry "ESP"]
[BlackTeamCountry "ESP"]

1. Nf3 c5 2. g3 g6 3. Bg2 Bg7 4. d4 cxd4 5. Nxd4 Nc6 6. Nxc6 bxc6 7. 0-0 Rb8 8. c3 Nf6 9. Qa4 Qc7 10. Nd2 0-0 11. Nb3 c5 12. Qa5 Qxa5 13. Nxa5 Ba6 14. Re1 Rfc8 15. e4 c4 16. Bf1 d5 17. exd5 Nxd5 18. Nb3 Rb6 19. Nd4 e6 20. Bg2 Bxd4 21. Bxd5 Bxf2+ 22. Kxf2 exd5 23. Re7 h5 24. Be3 Rxb2+ 25. Kg1 Re2 26. Kf1 Rb2 27. Kg1 Re2 28. Kf1 Rb2 29. Kg1 1/2-1/2

[Event "Madrid-chT 1718"]
[Site "Madrid"]
[Date "2018.02.10"]
[Round "9.41"]
[White "Bolado Saez, Sergio"]
[Black "Almagro Llamas, Pablo"]
[Result "1/2-1/2"]
[WhiteElo "2370"]
[BlackElo "2483"]
[PlyCount "47"]
[EventDate "2017.11.19"]
[EventType "team-tourn"]
[EventRounds "14"]
[EventCountry "ESP"]
[SourceTitle "EXT 2019"]
[Source "ChessBase"]
[SourceDate "2018.10.10"]
[SourceVersion "1"]
[SourceVersionDate "2018.10.10"]
[SourceQuality "1"]
[WhiteTeam "Blanco y Negro"]
[BlackTeam "Virgen de Atocha"]
[WhiteTeamCountry "ESP"]
[BlackTeamCountry "ESP"]

1. d4 Nf6 2. c4 e6 3. Nf3 c5 4. d5 d6 5. Nc3 g6 6. h3 exd5 7. cxd5 Bg7 8. e4 0-0 9. Bd3 b5 10. Nxb5 Nxe4 11. 0-0 a6 12. Nc3 Nf6 13. Ne4 Bb7 14. Bf4 Nxd5 15. Bxd6 Re8 16. Bxc5 Nd7 17. Ba3 Nf4 18. Nd6 Ne5 19. Nxe5 Rxe5 20. Nxb7 Qxd3 21. Qxd3 Nxd3 22. Rad1 Nf4 23. Kh2 Re2 24. Rde1 1/2-1/2

[Event "Madrid-chT 1718"]
[Site "Madrid"]
[Date "2017.11.26"]
[Round "2.42"]
[White "Bolado Saez, Sergio"]
[Black "Espinosa Aranda, Angel"]
[Result "0-1"]
[WhiteElo "2383"]
[BlackElo "2450"]
[PlyCount "90"]
[EventDate "2017.11.19"]
[EventType "team-tourn"]
[EventRounds "14"]
[EventCountry "ESP"]
[SourceTitle "EXT 2019"]
[Source "ChessBase"]
[SourceDate "2018.10.10"]
[SourceVersion "1"]
[SourceVersionDate "2018.10.10"]
[SourceQuality "1"]
[WhiteTeam "Blanco y Negro"]
[BlackTeam "Virgen de Atocha"]
[WhiteTeamCountry "ESP"]
[BlackTeamCountry "ESP"]

1. d4 Nf6 2. c4 g6 3. f3 Nc6 4. d5 Ne5 5. e4 d6 6. f4 Ned7 7. Nc3 Bg7 8. Nf3 0-0 9. Bd3 c6 10. 0-0 cxd5 11. cxd5 b5 12. Qe1 b4 13. Nd1 Nc5 14. Qe2 Nxd3 15. Qxd3 Qb6+ 16. Be3 Ba6 17. Qb1 Qb5 18. Re1 Ng4 19. Bd2 Qc5+ 20. Kh1 Rfc8 21. h3 Nf2+ 22. Nxf2 Qxf2 23. e5 Be2 24. Ng5 Bf1 25. Rxf1 Qxd2 26. Ne4 Qxd5 27. Rd1 Qe6 28. exd6 exd6 29. Rxd6 Qe7 30. Qd3 Rd8 31. Rd1 Rxd6 32. Nxd6 Bxb2 33. Nc4 Bf6 34. Ne3 Kg7 35. Nd5 Qd6 36. Qe4 Rd8 37. Rd3 a5 38. f5 Qe5 39. Qxe5 Bxe5 40. fxg6 hxg6 41. Kg1 Rb8 42. Rb3 Rb5 43. Ne3 a4 44. Rb1 b3 45. axb3 Bd4 0-1

[Event "Madrid-chT 1617"]
[Site "Madrid"]
[Date "2017.01.15"]
[Round "5.21"]
[White "Bolado Saez, Sergio"]
[Black "Valles Moreno, Ivan"]
[Result "0-1"]
[WhiteElo "2370"]
[BlackElo "2438"]
[PlyCount "78"]
[EventDate "2016.11.20"]
[EventType "team-tourn"]
[EventRounds "14"]
[EventCountry "ESP"]
[SourceTitle "EXT 2018"]
[Source "ChessBase"]
[SourceDate "2017.10.13"]
[SourceVersion "1"]
[SourceVersionDate "2017.10.13"]
[SourceQuality "1"]
[WhiteTeam "Blanco y Negro"]
[BlackTeam "Liberty Chess"]
[WhiteTeamCountry "ESP"]
[BlackTeamCountry "ESP"]

1. d4 Nf6 2. c4 g6 3. f3 e6 4. e4 c5 5. d5 d6 6. Ne2 Bg7 7. Nec3 0-0 8. Be3 Ne8 9. Be2 f5 10. exf5 exf5 11. f4 Nf6 12. Qd2 Re8 13. Na3 Ng4 14. Bg1 a6 15. Kf1 Nd7 16. h3 Ngf6 17. Bf3 b5 18. cxb5 Nb6 19. Re1 axb5 20. Naxb5 Ba6 21. Rxe8+ Qxe8 22. Be2 Ne4 23. Nxe4 Qxe4 24. b3 Qb1+ 25. Qe1 Qxa2 26. Bf2 Re8 27. Qd1 Rxe2 28. Qxe2 Qxe2+ 29. Kxe2 Bxb5+ 30. Kd2 Nxd5 31. g3 Kf7 32. Rc1 Nf6 33. Be1 Ne4+ 34. Ke3 Bb2 35. Rc2 Bd4+ 36. Kf3 h5 37. h4 Ke6 38. Ra2 Bc6 39. Ra6 Bd5 0-1

[Event "Madrid-chT 1516"]
[Site "Madrid"]
[Date "2016.03.06"]
[Round "13.32"]
[White "Bolado Saez, Sergio"]
[Black "Montanes Arribas, Adrian"]
[Result "1/2-1/2"]
[WhiteElo "2359"]
[BlackElo "2173"]
[PlyCount "70"]
[EventDate "2015.11.22"]
[EventType "team-tourn"]
[EventRounds "14"]
[EventCountry "ESP"]
[SourceTitle "EXT 2017"]
[Source "ChessBase"]
[SourceDate "2016.10.25"]
[SourceVersion "1"]
[SourceVersionDate "2016.10.25"]
[SourceQuality "1"]
[WhiteTeam "Blanco y Negro"]
[BlackTeam "Vallecas CDV"]
[WhiteTeamCountry "ESP"]
[BlackTeamCountry "ESP"]

1. d4 Nf6 2. c4 Nc6 3. Nf3 e6 4. e3 Bb4+ 5. Nbd2 0-0 6. a3 Bxd2+ 7. Qxd2 a5 8. b3 d6 9. Bb2 Qe7 10. Be2 e5 11. 0-0 Bg4 12. d5 Nb8 13. Ne1 Bxe2 14. Qxe2 Nbd7 15. Nf3 c6 16. dxc6 bxc6 17. b4 axb4 18. axb4 Rab8 19. Rfd1 Ne4 20. Nd2 Nxd2 21. Qxd2 Nb6 22. Qc3 Qe6 23. Rdc1 f6 24. b5 cxb5 25. cxb5 Rfc8 26. Qb4 Nc4 27. e4 d5 28. Qb3 Qd7 29. exd5 Qxb5 30. Qxb5 Rxb5 31. Bc3 Rxd5 32. Bb4 Nb6 33. Rxc8+ Nxc8 34. g3 Rd8 35. Ra8 Re8 1/2-1/2

[Event "Madrid-chT 1516"]
[Site "Madrid"]
[Date "2016.02.07"]
[Round "9.22"]
[White "Fernandez Blazquez, Diego"]
[Black "Bolado Saez, Sergio"]
[Result "0-1"]
[WhiteElo "2229"]
[BlackElo "2359"]
[PlyCount "62"]
[EventDate "2015.11.22"]
[EventType "team-tourn"]
[EventRounds "14"]
[EventCountry "ESP"]
[SourceTitle "EXT 2017"]
[Source "ChessBase"]
[SourceDate "2016.10.25"]
[SourceVersion "1"]
[SourceVersionDate "2016.10.25"]
[SourceQuality "1"]
[WhiteTeam "San Fernando de Henares"]
[BlackTeam "Blanco y Negro"]
[WhiteTeamCountry "ESP"]
[BlackTeamCountry "ESP"]

1. e4 c5 2. Nf3 d6 3. d4 Nf6 4. Nc3 cxd4 5. Nxd4 a6 6. Bg5 Nbd7 7. Bc4 h6 8. Bh4 Qb6 9. Bb3 e6 10. 0-0 Be7 11. Kh1 Nc5 12. Bxf6 Bxf6 13. f4 Bd7 14. Nf3 Bxc3 15. bxc3 Nxe4 16. Qe1 Nf6 17. f5 e5 18. Nd2 Bc6 19. Nc4 Qc5 20. Rd1 0-0-0 21. Qf2 Qxf2 22. Rxf2 Ne4 23. Rf3 Kc7 24. Kg1 f6 25. Rfd3 h5 26. h4 Bb5 27. a4 Bxc4 28. Bxc4 Nc5 29. Rg3 Nxa4 30. Rxg7+ Rd7 31. Rg3 Nb2 0-1

[Event "Madrid-chT 1516"]
[Site "Madrid"]
[Date "2015.11.29"]
[Round "2.22"]
[White "Bolado Saez, Sergio"]
[Black "Jimenez Lopez, Antonio"]
[Result "1-0"]
[WhiteElo "2359"]
[BlackElo "2142"]
[PlyCount "77"]
[EventDate "2015.11.22"]
[EventType "team-tourn"]
[EventRounds "14"]
[EventCountry "ESP"]
[SourceTitle "EXT 2017"]
[Source "ChessBase"]
[SourceDate "2016.10.25"]
[SourceVersion "1"]
[SourceVersionDate "2016.10.25"]
[SourceQuality "1"]
[WhiteTeam "Blanco y Negro"]
[BlackTeam "San Fernando de Henares"]
[WhiteTeamCountry "ESP"]
[BlackTeamCountry "ESP"]

1. d4 Nf6 2. c4 g6 3. f3 Bg7 4. e4 d6 5. Be3 0-0 6. Ne2 Na6 7. Qd2 c5 8. d5 Bd7 9. Nec3 Nc7 10. a4 Rb8 11. Na3 a6 12. Be2 Nfe8 13. 0-0 e5 14. Rab1 a5 15. Nc2 b6 16. Kh1 f5 17. exf5 gxf5 18. f4 e4 19. Rg1 Nf6 20. h3 Qe8 21. b3 Kh8 22. g3 Rg8 23. Rg2 Qf7 24. Rbg1 Rbf8 25. Nd1 Ncxd5 26. cxd5 Nxd5 27. Bc4 Be6 28. Bf2 Rd8 29. g4 fxg4 30. Bh4 Rd7 31. f5 Qxf5 32. hxg4 Qf3 33. Rf1 Qh3+ 34. Rh2 Qxg4 35. Bxd5 Bd4 36. Nxd4 Bxd5 37. Ne3 Rf7 38. Ndf5 Rxf5 39. Nxf5 1-0

[Event "Madrid Chamartin op 4th"]
[Site "Madrid"]
[Date "2015.09.10"]
[Round "6"]
[White "Soto Martin, Pablo"]
[Black "Bolado Saez, Sergio"]
[Result "0-1"]
[WhiteElo "2035"]
[BlackElo "2365"]
[PlyCount "74"]
[EventDate "2015.09.06"]
[EventType "swiss"]
[EventRounds "9"]
[EventCountry "ESP"]
[SourceTitle "EXT 2016"]
[Source "ChessBase"]
[SourceDate "2015.10.08"]
[SourceVersion "1"]
[SourceVersionDate "2015.10.08"]
[SourceQuality "1"]

1. e4 c5 2. Nf3 d6 3. c3 Nf6 4. h3 g6 5. Bd3 Bg7 6. 0-0 0-0 7. Bc2 e5 8. d4 exd4 9. cxd4 Nc6 10. Be3 b6 11. Nc3 Re8 12. Re1 Bb7 13. a3 a6 14. dxc5 bxc5 15. Bf4 Nd4 16. Bd3 Nh5 17. Bh2 Nxf3+ 18. Qxf3 f5 19. Rad1 Bd4 20. Bc4+ Kh8 21. Bd5 fxe4 22. Rxe4 Rf8 23. Qd3 Bxf2+ 24. Kh1 Bxd5 25. Nxd5 Ng7 26. Ne3 Qg5 27. Bxd6 Rfe8 28. Nc4 Rxe4 29. Qxe4 Re8 30. Qb7 Qh5 31. Rc1 Bd4 32. Qf7 h6 33. Rf1 Re2 34. Qb7 Rf2 35. Re1 Qf5 36. Kh2 Rf1 37. Ne3 Be5+ 0-1

[Event "Madrid Chamartin op 4th"]
[Site "Madrid"]
[Date "2015.09.07"]
[Round "2"]
[White "Morona Minguez, Miguel"]
[Black "Bolado Saez, Sergio"]
[Result "0-1"]
[WhiteElo "1932"]
[BlackElo "2365"]
[PlyCount "62"]
[EventDate "2015.09.06"]
[EventType "swiss"]
[EventRounds "9"]
[EventCountry "ESP"]
[SourceTitle "EXT 2016"]
[Source "ChessBase"]
[SourceDate "2015.10.08"]
[SourceVersion "1"]
[SourceVersionDate "2015.10.08"]
[SourceQuality "1"]

1. e4 c5 2. Nf3 d6 3. d4 cxd4 4. Nxd4 Nf6 5. Nc3 a6 6. f4 Qc7 7. Be2 b5 8. Bf3 Bb7 9. a3 e6 10. Be3 Nbd7 11. Nb3 Rc8 12. Qe2 Be7 13. 0-0 0-0 14. Rad1 Nb6 15. Na5 Ba8 16. Rc1 Na4 17. Nxa4 bxa4 18. Qxa6 Nxe4 19. Bb6 Qd7 20. Be2 Bf6 21. Bb5 Qe7 22. c3 d5 23. Bxa4 Qd6 24. Qa7 Nc5 25. Bb5 d4 26. b4 Qd5 27. Rf3 dxc3 28. Bxc5 Rxc5 29. bxc5 Bd4+ 30. Kh1 Qxf3 31. Bf1 Qf2 0-1

[Event "Gijon RGCC op 5th Rapid"]
[Site "Gijon"]
[Date "2015.07.19"]
[Round "4"]
[White "Bolado Saez, Sergio"]
[Black "Fidalgo Fernandez, Javier"]
[Result "1-0"]
[WhiteElo "2337"]
[BlackElo "2302"]
[PlyCount "71"]
[EventDate "2015.07.19"]
[EventType "swiss (rapid)"]
[EventRounds "9"]
[EventCountry "ESP"]
[SourceTitle "EXT 2024"]
[Source "ChessBase"]
[SourceDate "2023.10.10"]
[SourceVersion "1"]
[SourceVersionDate "2023.10.10"]
[SourceQuality "1"]

1. d4 Nf6 2. c4 c5 3. d5 e6 4. f3 exd5 5. cxd5 d6 6. e4 g6 7. Ne2 Bg7 8. Nec3 0-0 9. Be2 h5 10. 0-0 Re8 11. a4 Na6 12. Na3 Nb4 13. Nc4 Qe7 14. Bf4 Rd8 15. Bg5 Qf8 16. Qd2 Rd7 17. f4 Nh7 18. Bh4 Bd4+ 19. Kh1 b6 20. g4 hxg4 21. Bxg4 f5 22. exf5 gxf5 23. Bf3 Ba6 24. Nb5 Bxb5 25. axb5 Re8 26. Rae1 Rxe1 27. Rxe1 Qh6 28. Re8+ Nf8 29. Bg5 Qh3 30. Qe2 Kg7 31. Nxd6 Ng6 32. Re6 Qh7 33. Bh5 Nf8 34. Re7+ Rxe7 35. Qxe7+ Kg8 36. Bf7+ 1-0

[Event "Gijon RGCC op 5th Rapid"]
[Site "Gijon"]
[Date "2015.07.19"]
[Round "6"]
[White "Bolado Saez, Sergio"]
[Black "Iglesias Leon, Francisco Javier"]
[Result "1-0"]
[WhiteElo "2337"]
[BlackElo "2198"]
[PlyCount "91"]
[EventDate "2015.07.19"]
[EventType "swiss (rapid)"]
[EventRounds "9"]
[EventCountry "ESP"]
[SourceTitle "EXT 2024"]
[Source "ChessBase"]
[SourceDate "2023.10.10"]
[SourceVersion "1"]
[SourceVersionDate "2023.10.10"]
[SourceQuality "1"]

1. d4 Nf6 2. c4 c5 3. d5 b5 4. cxb5 a6 5. bxa6 g6 6. Nc3 Bxa6 7. Nf3 d6 8. g3 Bg7 9. Bg2 Nfd7 10. 0-0 Nb6 11. Qc2 Nc4 12. Nd2 0-0 13. Rb1 Qa5 14. Nxc4 Bxc4 15. Bd2 Qa6 16. Rfe1 Qb7 17. b3 Ba6 18. h4 Nd7 19. h5 Nf6 20. hxg6 hxg6 21. Bf3 Qd7 22. Kg2 Bb7 23. Rh1 e6 24. e4 exd5 25. exd5 Qf5 26. Qxf5 gxf5 27. a4 Rfe8 28. Rhe1 Ba6 29. Rxe8+ Rxe8 30. Bf4 Bd3 31. Rc1 Bf8 32. Bg5 Kg7 33. Bd1 Ne4 34. Nxe4 fxe4 35. Bd2 Rc8 36. b4 c4 37. b5 Be7 38. Bc3+ Kg6 39. b6 Bg5 40. Ra1 e3 41. f4 Bd8 42. a5 e2 43. Ba4 Be4+ 44. Kf2 Bxd5 45. Kxe2 Kf5 46. Bd7+ 1-0

[Event "Gijon RGCC op 5th Rapid"]
[Site "Gijon"]
[Date "2015.07.19"]
[Round "2"]
[White "Bolado Saez, Sergio"]
[Black "Rionda Medio, Angel Arturo"]
[Result "1-0"]
[WhiteElo "2337"]
[BlackElo "1980"]
[PlyCount "74"]
[EventDate "2015.07.19"]
[EventType "swiss (rapid)"]
[EventRounds "9"]
[EventCountry "ESP"]
[SourceTitle "EXT 2024"]
[Source "ChessBase"]
[SourceDate "2023.10.10"]
[SourceVersion "1"]
[SourceVersionDate "2023.10.10"]
[SourceQuality "1"]

1. d4 d5 2. c4 e6 3. Bf4 Nf6 4. e3 Bd6 5. Bxd6 Qxd6 6. Nc3 c6 7. Bd3 0-0 8. f4 dxc4 9. Bxc4 b5 10. Bd3 a6 11. Nf3 Bb7 12. Rc1 Nbd7 13. 0-0 Rad8 14. Ne4 Qe7 15. Ne5 Nxe4 16. Bxe4 Nxe5 17. fxe5 c5 18. Bxb7 Qxb7 19. Rxc5 Qe4 20. Qf3 Qxf3 21. gxf3 f6 22. f4 fxe5 23. fxe5 Rxf1+ 24. Kxf1 Kf7 25. Rc7+ Kg6 26. Rc6 Kf5 27. Ke2 a5 28. Kd3 g5 29. e4+ Kf4 30. Rxe6 h5 31. Rf6+ Kg4 32. e6 Kh3 33. Rf2 g4 34. d5 h4 35. e7 Re8 36. d6 g3 37. hxg3 hxg3 1-0

[Event "Gijon RGCC op 5th Rapid"]
[Site "Gijon"]
[Date "2015.07.19"]
[Round "7"]
[White "Kantans, Toms"]
[Black "Bolado Saez, Sergio"]
[Result "1-0"]
[WhiteElo "2505"]
[BlackElo "2337"]
[PlyCount "41"]
[EventDate "2015.07.19"]
[EventType "swiss (rapid)"]
[EventRounds "9"]
[EventCountry "ESP"]
[SourceTitle "EXT 2024"]
[Source "ChessBase"]
[SourceDate "2023.10.10"]
[SourceVersion "1"]
[SourceVersionDate "2023.10.10"]
[SourceQuality "1"]

1. e4 c5 2. Nf3 d6 3. d4 cxd4 4. Nxd4 Nf6 5. Nc3 a6 6. Be3 e6 7. f3 Nbd7 8. Qd2 b5 9. 0-0-0 b4 10. Na4 Qc7 11. Qxb4 d5 12. Qc3 Qb7 13. exd5 Nxd5 14. Qe1 Be7 15. Nb3 Qc6 16. Nc3 Nxe3 17. Qxe3 Nf6 18. g4 0-0 19. Bd3 Bb4 20. g5 Nd5 21. Qe4 1-0

[Event "Madrid-chT 1415"]
[Site "Madrid"]
[Date "2015.03.08"]
[Round "13.4"]
[White "Bolado Saez, Sergio"]
[Black "Rubio Mejia, Luis Ignacio"]
[Result "0-1"]
[WhiteElo "2358"]
[BlackElo "2453"]
[PlyCount "78"]
[EventDate "2014.11.23"]
[EventType "team-tourn"]
[EventRounds "14"]
[EventCountry "ESP"]
[SourceTitle "EXT 2016"]
[Source "ChessBase"]
[SourceDate "2015.10.08"]
[SourceVersion "1"]
[SourceVersionDate "2015.10.08"]
[SourceQuality "1"]
[WhiteTeam "Blanco y Negro"]
[BlackTeam "Virgen de Atocha"]
[WhiteTeamCountry "ESP"]
[BlackTeamCountry "ESP"]

1. d4 Nf6 2. c4 e6 3. Nf3 Bb4+ 4. Nbd2 0-0 5. a3 Be7 6. e4 d6 7. Qc2 c5 8. dxc5 dxc5 9. e5 Nfd7 10. b3 Nc6 11. Bb2 Qc7 12. Qe4 f5 13. Qe3 b6 14. Bd3 Bb7 15. Rg1 Rad8 16. Bc2 a6 17. h4 Rf7 18. 0-0-0 Nf8 19. g4 Nd4 20. Nxd4 cxd4 21. Qe2 Ng6 22. Nf3 Nf4 23. Qd2 Bxf3 24. Qxf4 fxg4 25. Qg3 b5 26. Bd3 Qb6 27. Rd2 Kh8 28. Kb1 Rc8 29. Rc1 Rff8 30. Rcc2 bxc4 31. Rxc4 Rb8 32. b4 a5 33. Bxd4 Qb7 34. Bc3 axb4 35. axb4 Qd5 36. Bf1 Qa5 37. Bb2 Bxb4 38. Rf4 Rxf4 39. Qxf4 Bxd2 0-1